000 01276cam a2200361 a 4500
001 2460499
003 OSt
005 20211123145858.0
008 920928s1987 enka b 001 0 eng d
010 _a 89163711
020 _a0122577639 :
_c£35.00
020 _a0122577647 (pbk.)
035 _a(OCoLC)16468459
040 _aUk
_cHU
_dOCoLC
_dPKsL
_dCLS
_dFIL
_dDLC
042 _alccopycat
050 0 4 _aQK711.2
_b.F566 1987
070 0 _aQK711.2.F566
082 0 0 _a581.1
_219
100 1 _aFitter, Alastair.
_920197
245 1 0 _aEnvironmental physiology of plants /
_cA.H. Fitter, R.K.M. Hay.
250 _a2nd ed.
260 _aLondon ;
_aSan Diego :
_bAcademic Press,
_c1987.
300 _axiii, 423 p. :
_bill. ;
_c24 cm.
504 _aIncludes bibliographical references and indexes.
650 0 _aPlant ecophysiology.
_96818
650 0 _aPlant ecology.
_92722
700 1 _aHay, Robert K. M.,
_d1946-
_911312
856 4 2 _3Publisher description
_uhttp://www.loc.gov/catdir/description/els032/89163711.html
856 4 1 _3Table of contents
_uhttp://www.loc.gov/catdir/toc/els031/89163711.html
906 _a7
_bcbc
_ccopycat
_d4
_encip
_f19
_gy-gencatlg
942 _2ddc
_cBOOKS
_n0
999 _c19808
_d19808